000 00639nam a2200217Ii 4500
003 JO-AjNU
008 230606s9999||||xx |||||||||||||| ||und||
020 _a0-13-6003337-7
040 _aJO-AjNU
_beng
_erda
_cJO-AjNU
041 _aeng
050 1 4 _aQA76.76.O63.S733.2009
100 3 _aStallings,Willam,
_eauthor
_9943
245 0 0 _aOPERATING SYSTEMS INTERNALS AND DESIGN PRINCIPLES
250 _a6 ed
264 3 1 _aPearson Education International :new york,2009
300 _a822p
336 _atext
_btxt
_2rdacontent
337 _aunmediated
_bn
_2rdamedia
338 _avolume
_bnc
_2rdacarrier
650 4 _aOPERATING SYSTEMS
_9944
999 _aE497
_c497
_d497